| 000 | 00693nam a22002057a 4500 | ||
|---|---|---|---|
| 010 | _aB-012089 | ||
| 020 | _a8175341080 | ||
| 035 | _aB-012089 | ||
| 037 | _aCen Lib/Ret | ||
| 040 |
_aDPL _bEN |
||
| 082 |
_a340.7 _bUNI |
||
| 245 |
_aUniversal's guide to LL.B. entrance examination 1998-99 / _cedited by Manish Arora [and] Anita Abraham |
||
| 250 | _a8th ed | ||
| 260 |
_aDelhi ; _bUniversal Law Publishing Co. Pvt. Ltd. _c1998 |
||
| 270 |
_aUniversal Law Publishing Co. Pvt. Ltd. _bDelhi _e110001 |
||
| 300 |
_aviii, 492p ; _b24cm(Hb) |
||
| 650 |
_aLLB examination - guide _9114847 |
||
| 650 |
_aEntrance examination - guide _9114848 |
||
| 942 |
_2ddc _cEN _h340.7 _mUNI |
||
| 999 |
_c136216 _d136216 |
||